Regenerating community energy (Record no. 76064)
[ view plain ]
| 000 -LEADER | |
|---|---|
| fixed length control field | 01048cab a2200181 4500 |
| 001 - CONTROL NUMBER | |
| control field | ##L131382 |
| 008 - FIXED-LENGTH DATA ELEMENTS--GENERAL INFORMATION | |
| fixed length control field | 051027n2005 000 0 eng u |
| 035 ## - SYSTEM CONTROL NUMBER | |
| System control number | (Sirsi) u131382 |
| 041 0# - LANGUAGE CODE | |
| Language code of text/sound track or separate title | eng |
| 100 1# - MAIN ENTRY--PERSONAL NAME | |
| Personal name | Kennedy, Sam |
| 245 00 - TITLE STATEMENT | |
| Title | Regenerating community energy |
| 260 ## - PUBLICATION, DISTRIBUTION, ETC. | |
| Date of publication, distribution, etc. | 2005 |
| 490 #0 - SERIES STATEMENT | |
| Series statement | Building Engineer |
| Volume/sequential designation | 80(10) October 2005, 14-15(2) |
| 520 ## - SUMMARY, ETC. | |
| Summary, etc. | Discusses the Community Energy Programme, which utilises one source of heat to supply energy to a number of buildings, offering cost-effective long term solutions, particularly in urban regeneration projects. Community energy systems have considerably lower life cycle costs than other heating systems, are fuel flexible, and offer potential for local employment. Pre-set heating levels help prevent deterioration of building fabric, reducing damp and condensation, and reducing maintenance costs. |
| 590 ## - LOCAL NOTE (RLIN) | |
| Local note | IKA081105 |
| 690 ## - LOCAL SUBJECT ADDED ENTRY--TOPICAL TERM (OCLC, RLIN) | |
| Topical term or geographic name as entry element | BUILT ENVIRONMENT-BUILDING ELEMENTS-COMPLETE BUILDING SERVICES ELEMENTS-COMPLETE HEATING, VENTILATION AND AIR CONDITIONING SYSTEMS |
| 942 ## - ADDED ENTRY ELEMENTS (KOHA) | |
| Suppress in OPAC | 0 |
| Withdrawn status | Lost status | Source of classification or shelving scheme | Damaged status | Not for loan | Home library | Current library | Shelving location | Date acquired | Total Checkouts | Full call number | Barcode | Date last seen | Copy number | Price effective from | Koha item type |
|---|---|---|---|---|---|---|---|---|---|---|---|---|---|---|---|
| Dewey Decimal Classification | London | London | Journal article | 28/10/2005 | L131382 | 131382-1001 | 06/08/2019 | 1 | 06/08/2019 | Journal article |